Liverpool's Ideal Starting 11 - Statistics

General Stats
  • This quiz has been taken 276 times
  • The average score is 8 of 11
Answer Stats
Position Player % Correct
RW Salah
91%
LW Mane
90%
ST Firmino
88%
CDM Henderson
84%
GK Mignolet
69%
LB Milner
68%
CB Matip
67%
CB Lovren
65%
RB Clyne
62%
LCM Wijnaldum
61%
RCM Coutinho
59%
No matching quizzes found
Score Distribution
Percent of People with Each Score
Percentile by Number Answered
Your Score History
You have not taken this quiz